Management in Marketing Channels

Guardado en:
Detalles Bibliográficos
Autor principal: Stern, Louis W.
Otros Autores: El-Ansary, Adel I., Brown, James R.
Formato: Libro
Lenguaje:inglés
Publicado: Englewood Cliffs Prentice-Hall 1989
Edición:1. ed.
Etiquetas: Agregar Etiqueta
Sin Etiquetas, Sea el primero en etiquetar este registro!

MARC

LEADER 00000nam a2200000 4500
001 c027779
005 20221124074350.8
041 0 |a eng 
044 |a US 
245 1 0 |a Management in Marketing Channels  |c Louis W. Stern, Adel I. El-Ansary, James R. Brown 
250 |a 1. ed. 
264 1 |a Englewood Cliffs  |b Prentice-Hall  |c 1989 
300 |a 514 s. 
100 1 |a Stern, Louis W. 
700 1 |a El-Ansary, Adel I. 
700 1 |a Brown, James R.